| 000 | 00357nam a2200145 a 4500 | ||
|---|---|---|---|
| 001 | 3175 | ||
| 003 | CDMR | ||
| 005 | 20130116135240.0 | ||
| 008 | 130130s1989||||||||||||||||||||||||||||d | ||
| 040 |
_aCDMR _bcat _cCDMR |
||
| 100 | 1 |
_aSitenský, Ladislav _92313 |
|
| 245 | 1 | 0 |
_aPraha mého mládí _cSITENSKÝ, Ladislav |
| 260 |
_aPraga _c1989 _bOlympia |
||
| 942 | _cMON | ||
| 999 |
_c3175 _d3175 |
||